000 00456nam a22001817a 4500
003 OSt
005 20240625150200.0
008 240625b |||||||| |||| 00| 0 eng d
020 _a082132523x
040 _cMUST
082 _a338.9 RAP 1993
100 _aKumar Krishna
_917857
245 _aRapid Appraisal Methods
_cKrishna Kumar
300 _axiii, 218p
_bill.
_c23cm
504 _aBibliography
650 _2Economic development
942 _2ddc
_cO_SHELF
999 _c8835
_d8835